1797 1561 1182 1271 1520 1558 1129 1020 1304 1519 1834 1695 1475 1430 1144 1714 1527 1401 1039 1352 1813 1636 1707 1739 1006 1610 1725 1671 1650 1036 1185 1735 1024 1422 1808 1622 1685 1563 1915 1402 1560 1761 1318 1484 1534 1761 1270 1432 1632 1358 1629 1060 1238 1706 1926 1074 1121 1769 1267 1407 1773 1520 1665 1337 1806 1736 1676 1749 1419 1067 1564 1830 1977 1125 1852 1044 1701 1666 1515 1662 1699 1756 1194 1289 1961 1959 1499 1209 1386 1719 1868 1861 1326 1935 1531 1163 1995 1604 1424 BCNSPRNW ULIB Ver.6.0+V

เปลี่ยนเป็นภาษาไทย

Change to English
 แสดงรายละเอียดบรรณานุกรม
  กลับหน้าหลัก

Brief Record : Get Marc (ISO 2709) : E-mail record : QR code < ปิดหน้าต่าง
LEADER : 00000nam 2200000uu 4500
001    13399111984
003     ULIB
008    110627s2552||||th 000 0 tha d
020    9786115200092
090    นว.^bป535ฝ 2552
100 0  ปั้นหยา
245 00 ฝากหัวใจไว้ใกล้รัก/^cปั้นหยา
250    พิมพ์ครั้งที่ 1
260    กรุงเทพฯ :^b1168 พับลิชชิ่ง,^c2552
300    282 หน้า
710 1  1168 พับลิชชิ่ง
945    ^p189^l0^i027757
995    ทศพร
999 ^a ใช้งานได้ทุกระบบ
รายการนี้ยังไม่มีแท็ก
คุณยังไม่ได้ล็อกอิน คุณสามารถมีกิจกรรมร่วมกับเว็บไซต์ได้ แต่ต้องล็อกอินก่อน ::
  ล็อกอิน

รายการสื่อสารสนเทศ

ลำดับที่ ประเภท เลขเรียก/บาร์โค้ด สถานที่ สถานะ
- ไม่พบข้อมูล -

รายการใกล้เคียง
    ผู้แต่ง [ปั้นหยา]

BibComment


ยังไม่เคยถูกคอมเมนท์

คอมเมนท์ทรัพยากรรายการนี้
  คอมเมนท์: ฝากหัวใจไว้ใกล้รั..


 Copyright 2026. Bcnsprnw @Library